| 000 | 00426nam a2200181Ia 4500 | ||
|---|---|---|---|
| 003 | OSt | ||
| 005 | 20230317113709.0 | ||
| 008 | 210707s9999 xx 000 0 und d | ||
| 040 | _cAL | ||
| 041 | _aeng | ||
| 082 | _a940/9 BHAH | ||
| 100 |
_aBHATTACHARJEE (A) _976098 |
||
| 245 | _aHistory of Europe | ||
| 650 |
_aEuropean History _976099 |
||
| 650 |
_a 1789-1945 _976100 |
||
| 650 |
_aHistory _976101 |
||
| 942 |
_2ddc _cBB |
||
| 999 |
_c180045 _d180045 |
||